[Event "Is Bankasi Online Satranc Turn 17-18 YAS"]
[Site "T#646243Mustafa Kemal"]
[Date "2020.05.22"]
[Round "8"]
[White "Canberkgiray40"]
[Black "Kutayozkurt40"]
[Result "0-1"]
[WhiteElo "1776"]
[BlackElo "1755"]
[Annotator "NA RC"]
[PlyCount "48"]
[EventDate "2020.05.22"]
[EventType "swiss (blitz)"]

1. e4 {[%emt 0:00:02]} c5 {[%emt 0:00:01]} 2. Nf3 {[%emt 0:00:02]} Nc6 {[%emt 0:00:01]} 3. c3 {[%emt 0:00:01]} d5 {[%emt 0:00:02]} 4. exd5 {[%emt 0:00:02]} Qxd5 {[%emt 0:00:00]} 5. d4 {[%emt 0:00:01]} Bf5 {[%emt 0:00:01]} 6. g3 {[%emt 0:00:10]} cxd4 {[%emt 0:00:25]} 7. cxd4 {[%emt 0:00:21]} Bxb1 {[%emt 0:00:02]} 8. Rxb1 {[%emt 0:00:09]} e6 {[%emt 0:00:22]} 9. Bg2 {[%emt 0:00:10]} Bb4+ {[%emt 0:00:02]} 10. Kf1 {[%emt 0:00:28]} Nf6 {[%emt 0:00:16]} 11. a3 {[%emt 0:00:03]} Be7 {[%emt 0:00:05]} 12. Be3 {[%emt 0:00:12]} O-O {[%emt 0:00:04]} 13. b4 {[%emt 0:00:09]} Ng4 {[%emt 0:00:15]} 14. Qd2 {[%emt 0:00:17]} Nxe3+ {[%emt 0:00:03]} 15. Qxe3 {[%emt 0:00:02]} Bf6 {[%emt 0:00:02]} 16. Rd1 {[%emt 0:00:08]} Rfd8 {[%emt 0:00:12]} 17. Ne5 {[%emt 0:00:16]} Qb5+ {[%emt 0:00:10]} 18. Ke1 {[%emt 0:00:06]} Nxe5 {[%emt 0:00:22]} 19. dxe5 {[%emt 0:00:04]} Rxd1+ {[%emt 0:00:01]} 20. Kxd1 {[%emt 0:00:01]} Rd8+ {[%emt 0:00:01]} 21. Kc2 {[%emt 0:00:10]} Bxe5 {[%emt 0:00:01]} 22. Rc1 {[%emt 0:00:15]} Bd4 {[%emt 0:00:14]} 23. Qd2 {[%emt 0:00:15]} Qa4+ {[%emt 0:00:05]} 24. Kb1 {[%emt 0:00:14]} Qb3+ {[%emt 0:00:03] Canberkgiray40 terk eder (Lag: Av=0.63s, max=1.4s)} 0-1

[Event "Is Bankasi Online Satranc Turn 17-18 YAS"]
[Site "T#646243Mustafa Kemal"]
[Date "2020.05.22"]
[Round "8"]
[White "Dogukangureke78"]
[Black "Emrekocakaplan04"]
[Result "1-0"]
[WhiteElo "1771"]
[BlackElo "1776"]
[Annotator "NA RC"]
[PlyCount "55"]
[EventDate "2020.05.22"]
[EventType "swiss (blitz)"]

1. d4 {[%emt 0:00:05]} Nf6 {[%emt 0:00:01]} 2. c4 {[%emt 0:00:02]} e6 {[%emt 0:00:01]} 3. g3 {[%emt 0:00:01]} d5 {[%emt 0:00:02]} 4. Nf3 {[%emt 0:00:06]} Be7 {[%emt 0:00:01]} 5. Bg2 {[%emt 0:00:03]} O-O {[%emt 0:00:01]} 6. O-O {[%emt 0:00:02]} dxc4 {[%emt 0:00:01]} 7. Qc2 {[%emt 0:00:01]} a6 {[%emt 0:00:01]} 8. Qxc4 {[%emt 0:00:02]} b5 {[%emt 0:00:01]} 9. Qc2 {[%emt 0:00:01]} Bb7 {[%emt 0:00:01]} 10. Bd2 {[%emt 0:00:04]} Be4 {[%emt 0:00:13]} 11. Qc1 {[%emt 0:00:03]} Nc6 {[%emt 0:00:39]} 12. Be3 {[%emt 0:00:04]} Rc8 {[%emt 0:00:41]} 13. Rd1 {[%emt 0:00:32]} Nb4 {[%emt 0:00:19]} 14. Nc3 {[%emt 0:00:04]} Bb7 {[%emt 0:00:22]} 15. a4 {[%emt 0:00:02]} bxa4 {[%emt 0:00:13]} 16. Nxa4 {[%emt 0:00:12]} Nbd5 {[%emt 0:00:01]} 17. Bg5 {[%emt 0:00:06]} Qe8 {[%emt 0:00:17]} 18. Nc5 {[%emt 0:00:04]} Bxc5 {[%emt 0:00:04]} 19. dxc5 {[%emt 0:00:05]} Qb5 {[%emt 0:00:22]} 20. Nd4 {[%emt 0:00:13]} Qe8 {[%emt 0:00:19]} 21. c6 {[%emt 0:00:02]} Ba8 {[%emt 0:00:01]} 22. Rxa6 {[%emt 0:00:03]} h6 {[%emt 0:00:02]} 23. Bxf6 {[%emt 0:00:02]} Nxf6 {[%emt 0:00:00]} 24. Qa1 {[%emt 0:00:07]} Qe7 {[%emt 0:00:02]} 25. Qa4 {[%emt 0:00:22]} Qc5 {[%emt 0:00:01]} 26. Ra5 {[%emt 0:00:08]} Qb6 {[%emt 0:00:01]} 27. Rb5 {[%emt 0:00:06]} Bxc6 {[%emt 0:00:06]} 28. Bxc6 {[%emt 0:00:08] Zaman (Lag: Av=0.52s, max=1.1s)} 1-0

[Event "Is Bankasi Online Satranc Turn 17-18 YAS"]
[Site "T#646243Mustafa Kemal"]
[Date "2020.05.22"]
[Round "8"]
[White "Mustafaberkayb82"]
[Black "Orhanerenkarab68"]
[Result "0-1"]
[WhiteElo "1725"]
[BlackElo "1654"]
[Annotator "NA RC"]
[PlyCount "102"]
[EventDate "2020.05.22"]
[EventType "swiss (blitz)"]

1. e4 {[%emt 0:00:04]} e5 {[%emt 0:00:05]} 2. Nf3 {[%emt 0:00:02]} Nc6 {[%emt 0:00:09]} 3. Nc3 {[%emt 0:00:02]} Nf6 {[%emt 0:00:06]} 4. d4 {[%emt 0:00:03]} exd4 {[%emt 0:00:04]} 5. Nxd4 {[%emt 0:00:00]} Bb4 {[%emt 0:00:05]} 6. Nxc6 {[%emt 0:00:09]} bxc6 {[%emt 0:00:05]} 7. Bd2 {[%emt 0:00:29]} Qe7 {[%emt 0:00:05]} 8. Qf3 {[%emt 0:00:05]} d5 {[%emt 0:00:09]} 9. Bd3 {[%emt 0:00:41]} Bxc3 {[%emt 0:00:11]} 10. Bxc3 {[%emt 0:00:03]} dxe4 {[%emt 0:00:04]} 11. Bxf6 {[%emt 0:00:29]} exf3+ {[%emt 0:00:06]} 12. Bxe7 {[%emt 0:00:02]} fxg2 {[%emt 0:00:08]} 13. Rg1 {[%emt 0:00:13]} Kxe7 {[%emt 0:00:06]} 14. Rxg2 {[%emt 0:00:03]} g6 {[%emt 0:00:06]} 15. Kd2 {[%emt 0:00:06]} Be6 {[%emt 0:00:07]} 16. Re1 {[%emt 0:00:03]} Kf6 {[%emt 0:00:08]} 17. b3 {[%emt 0:00:09]} Rad8 {[%emt 0:00:05]} 18. Rg3 {[%emt 0:00:04]} Rd5 {[%emt 0:00:07]} 19. c4 {[%emt 0:00:06]} Ra5 {[%emt 0:00:06]} 20. Bb1 {[%emt 0:00:07]} Rh5 {[%emt 0:00:06]} 21. Rh1 {[%emt 0:00:11]} Rh4 {[%emt 0:00:08]} 22. Ke3 {[%emt 0:00:16]} Rd8 {[%emt 0:00:04]} 23. f4 {[%emt 0:00:04]} c5 {[%emt 0:00:05]} 24. Rf3 {[%emt 0:00:04]} Bg4 {[%emt 0:00:05]} 25. Rg3 {[%emt 0:00:03]} Bc8 {[%emt 0:00:06]} 26. Be4 {[%emt 0:00:07]} Re8 {[%emt 0:00:05]} 27. Kf3 {[%emt 0:00:02]} Rxe4 {[%emt 0:00:05]} 28. Kxe4 {[%emt 0:00:01]} Bb7+ {[%emt 0:00:02]} 29. Ke3 {[%emt 0:00:02]} Bxh1 {[%emt 0:00:03]} 30. Rg1 {[%emt 0:00:02]} Rxh2 {[%emt 0:00:04]} 31. Rg5 {[%emt 0:00:03]} Rxa2 {[%emt 0:00:06]} 32. Rxc5 {[%emt 0:00:02]} c6 {[%emt 0:00:06]} 33. b4 {[%emt 0:00:02]} Ra3+ {[%emt 0:00:02]} 34. Kd4 {[%emt 0:00:01]} Ke6 {[%emt 0:00:11]} 35. b5 {[%emt 0:00:02]} cxb5 {[%emt 0:00:05]} 36. cxb5 {[%emt 0:00:03]} Ra4+ {[%emt 0:00:02]} 37. Kc3 {[%emt 0:00:03]} Kd6 {[%emt 0:00:03]} 38. Rc6+ {[%emt 0:00:03]} Bxc6 {[%emt 0:00:02]} 39. bxc6 {[%emt 0:00:01]} Kxc6 {[%emt 0:00:00]} 40. Kb3 {[%emt 0:00:00]} Rxf4 {[%emt 0:00:01]} 41. Kc3 {[%emt 0:00:01]} h5 {[%emt 0:00:01]} 42. Kd3 {[%emt 0:00:00]} g5 {[%emt 0:00:01]} 43. Ke3 {[%emt 0:00:01]} h4 {[%emt 0:00:00]} 44. Ke2 {[%emt 0:00:01]} h3 {[%emt 0:00:01]} 45. Ke3 {[%emt 0:00:01]} h2 {[%emt 0:00:01]} 46. Ke2 {[%emt 0:00:01]} h1=Q {[%emt 0:00:01]} 47. Ke3 {[%emt 0:00:01]} Qe4+ {[%emt 0:00:01]} 48. Kd2 {[%emt 0:00:01]} Rf2+ {[%emt 0:00:01]} 49. Kc3 {[%emt 0:00:01]} Rc2+ {[%emt 0:00:02]} 50. Kb3 {[%emt 0:00:04]} Qc4+ {[%emt 0:00:02]} 51. Ka3 {[%emt 0:00:01]} Ra2# {[%emt 0:00:02] (Lag: Av=0.76s, max=2.7s)} 0-1

[Event "Is Bankasi Online Satranc Turn 17-18 YAS"]
[Site "T#646243Mustafa Kemal"]
[Date "2020.05.22"]
[Round "8"]
[White "keremerdal34"]
[Black "Hakansimsek70"]
[Result "1-0"]
[WhiteElo "1716"]
[BlackElo "1741"]
[Annotator "NA RC"]
[PlyCount "117"]
[EventDate "2020.05.22"]
[EventType "swiss (blitz)"]

1. e4 {[%emt 0:00:02]} e5 {[%emt 0:00:02]} 2. Nf3 {[%emt 0:00:02]} Nc6 {[%emt 0:00:01]} 3. Nc3 {[%emt 0:00:01]} Nf6 {[%emt 0:00:02]} 4. Bb5 {[%emt 0:00:01]} d6 {[%emt 0:00:04]} 5. d4 {[%emt 0:00:02]} exd4 {[%emt 0:00:02]} 6. Nxd4 {[%emt 0:00:00]} Bd7 {[%emt 0:00:01]} 7. Nxc6 {[%emt 0:00:02]} Bxc6 {[%emt 0:00:02]} 8. Bxc6+ {[%emt 0:00:02]} bxc6 {[%emt 0:00:01]} 9. O-O {[%emt 0:00:01]} g6 {[%emt 0:00:04]} 10. Bg5 {[%emt 0:00:03]} Bg7 {[%emt 0:00:05]} 11. f4 {[%emt 0:00:08]} Qd7 {[%emt 0:00:05]} 12. Qf3 {[%emt 0:00:09]} Rb8 {[%emt 0:00:07]} 13. e5 {[%emt 0:00:24]} dxe5 {[%emt 0:00:13]} 14. fxe5 {[%emt 0:00:01]} Nd5 {[%emt 0:00:17]} 15. Rad1 {[%emt 0:00:14]} Qe6 {[%emt 0:00:38]} 16. Nxd5 {[%emt 0:00:19]} cxd5 {[%emt 0:00:06]} 17. Qxd5 {[%emt 0:00:06]} O-O {[%emt 0:00:26]} 18. Qxe6 {[%emt 0:00:29]} fxe6 {[%emt 0:00:01]} 19. Bf6 {[%emt 0:00:03]} Rxb2 {[%emt 0:00:14]} 20. Bxg7 {[%emt 0:00:13]} Kxg7 {[%emt 0:00:02]} 21. Rd7+ {[%emt 0:00:03]} Kg8 {[%emt 0:00:06]} 22. Rxf8+ {[%emt 0:00:16]} Kxf8 {[%emt 0:00:01]} 23. Rxc7 {[%emt 0:00:18]} Rxa2 {[%emt 0:00:03]} 24. Rxh7 {[%emt 0:00:15]} Rxc2 {[%emt 0:00:32]} 25. Rxa7 {[%emt 0:00:03]} Rc5 {[%emt 0:00:03]} 26. Kf2 {[%emt 0:00:04]} Rxe5 {[%emt 0:00:01]} 27. Kf3 {[%emt 0:00:01]} Rf5+ {[%emt 0:00:03]} 28. Kg4 {[%emt 0:00:04]} Kg8 {[%emt 0:00:09]} 29. Re7 {[%emt 0:00:06]} Re5 {[%emt 0:00:08]} 30. Kf4 {[%emt 0:00:03]} Re2 {[%emt 0:00:08]} 31. Kf3 {[%emt 0:00:01]} Re5 {[%emt 0:00:02]} 32. g3 {[%emt 0:00:04]} Kf8 {[%emt 0:00:01]} 33. Ra7 {[%emt 0:00:03]} Kg8 {[%emt 0:00:08]} 34. Kf4 {[%emt 0:00:04]} Rf5+ {[%emt 0:00:04]} 35. Kg4 {[%emt 0:00:07]} Kf8 {[%emt 0:00:01]} 36. h4 {[%emt 0:00:02]} Kg8 {[%emt 0:00:01]} 37. Re7 {[%emt 0:00:02]} Re5 {[%emt 0:00:01]} 38. Kf4 {[%emt 0:00:05]} Re1 {[%emt 0:00:02]} 39. Kg5 {[%emt 0:00:05]} Kf8 {[%emt 0:00:02]} 40. Ra7 {[%emt 0:00:01]} Rg1 {[%emt 0:00:03]} 41. g4 {[%emt 0:00:01]} e5 {[%emt 0:00:02]} 42. Ra6 {[%emt 0:00:02]} e4 {[%emt 0:00:02]} 43. Rxg6 {[%emt 0:00:01]} e3 {[%emt 0:00:01]} 44. Re6 {[%emt 0:00:01]} Rg3 {[%emt 0:00:05]} 45. h5 {[%emt 0:00:04]} Kf7 {[%emt 0:00:04]} 46. Re4 {[%emt 0:00:02]} Rh3 {[%emt 0:00:02]} 47. Kf4 {[%emt 0:00:03]} Kf6 {[%emt 0:00:02]} 48. Rxe3 {[%emt 0:00:03]} Rh4 {[%emt 0:00:04]} 49. Ra3 {[%emt 0:00:04]} Kg7 {[%emt 0:00:02]} 50. Ra6 {[%emt 0:00:02]} Kh7 {[%emt 0:00:01]} 51. Kg5 {[%emt 0:00:01]} Rh1 {[%emt 0:00:01]} 52. Ra7+ {[%emt 0:00:01]} Kg8 {[%emt 0:00:02]} 53. Kg6 {[%emt 0:00:01]} Kf8 {[%emt 0:00:01]} 54. h6 {[%emt 0:00:01]} Rh4 {[%emt 0:00:02]} 55. g5 {[%emt 0:00:01]} Rh2 {[%emt 0:00:02]} 56. h7 {[%emt 0:00:02]} Rh1 {[%emt 0:00:03]} 57. Ra8+ {[%emt 0:00:02]} Ke7 {[%emt 0:00:01]} 58. h8=Q {[%emt 0:00:01]} Rf1 {[%emt 0:00:01]} 59. Qg7+ {[%emt 0:00:02] Hakansimsek70 terk eder (Lag: Av=0.47s, max=0.9s)} 1-0

[Event "Is Bankasi Online Satranc Turn 17-18 YAS"]
[Site "T#646243Mustafa Kemal"]
[Date "2020.05.22"]
[Round "8"]
[White "Ahmetemreoztur80"]
[Black "Mahmutemrekord40"]
[Result "1-0"]
[WhiteElo "1572"]
[BlackElo "1235"]
[Annotator "NA RC"]
[PlyCount "23"]
[EventDate "2020.05.22"]
[EventType "swiss (blitz)"]

1. e4 {[%emt 0:00:13]} e5 {[%emt 0:00:02]} 2. Nf3 {[%emt 0:00:04]} Nc6 {[%emt 0:00:03]} 3. Bc4 {[%emt 0:00:04]} Nf6 {[%emt 0:00:03]} 4. d3 {[%emt 0:00:06]} Qe7 {[%emt 0:00:04]} 5. O-O {[%emt 0:00:03]} Qc5 {[%emt 0:00:11]} 6. Be3 {[%emt 0:00:02]} Qd6 {[%emt 0:00:07]} 7. Nbd2 {[%emt 0:00:04]} Ng4 {[%emt 0:00:12]} 8. Bxf7+ {[%emt 0:00:15]} Kxf7 {[%emt 0:00:07]} 9. Ng5+ {[%emt 0:00:01]} Kg6 {[%emt 0:00:06]} 10. Qxg4 {[%emt 0:00:02]} Be7 {[%emt 0:00:14]} 11. Ne6+ {[%emt 0:00:34]} Kf6 {[%emt 0:00:12]} 12. Qf5# {[%emt 0:00:01] (Lag: Av=0.46s, max=0.7s)} 1-0

[Event "Is Bankasi Online Satranc Turn 17-18 YAS"]
[Site "T#646243Mustafa Kemal"]
[Date "2020.05.22"]
[Round "8"]
[White "Huseyinazizcak12"]
[Black "Mehmetkozak72"]
[Result "0-1"]
[WhiteElo "1562"]
[BlackElo "1427"]
[Annotator "NA RC"]
[PlyCount "90"]
[EventDate "2020.05.22"]
[EventType "swiss (blitz)"]

1. e4 {[%emt 0:00:04]} c6 {[%emt 0:00:02]} 2. Nf3 {[%emt 0:00:03]} d5 {[%emt 0:00:03]} 3. Bd3 {[%emt 0:00:13]} Bg4 {[%emt 0:00:15]} 4. O-O {[%emt 0:00:03]} Nd7 {[%emt 0:00:02]} 5. h3 {[%emt 0:00:02]} Bxf3 {[%emt 0:00:02]} 6. Qxf3 {[%emt 0:00:02]} e6 {[%emt 0:00:01]} 7. Re1 {[%emt 0:00:11]} Ne5 {[%emt 0:00:01]} 8. exd5 {[%emt 0:00:03]} Nxf3+ {[%emt 0:00:01]} 9. gxf3 {[%emt 0:00:07]} cxd5 {[%emt 0:00:01]} 10. Bb5+ {[%emt 0:00:05]} Ke7 {[%emt 0:00:04]} 11. d4 {[%emt 0:00:07]} Qd6 {[%emt 0:00:01]} 12. a3 {[%emt 0:00:12]} Rc8 {[%emt 0:00:02]} 13. Bd2 {[%emt 0:00:03]} Kd8 {[%emt 0:00:12]} 14. Bb4 {[%emt 0:00:03]} Qf4 {[%emt 0:00:04]} 15. Bxf8 {[%emt 0:00:08]} Nf6 {[%emt 0:00:13]} 16. Bxg7 {[%emt 0:00:03]} Rg8 {[%emt 0:00:03]} 17. Kf1 {[%emt 0:00:20]} Rxg7 {[%emt 0:00:02]} 18. Nd2 {[%emt 0:00:10]} Qxd2 {[%emt 0:00:02]} 19. Re2 {[%emt 0:00:08]} Qxd4 {[%emt 0:00:05]} 20. c3 {[%emt 0:00:14]} Qc5 {[%emt 0:00:09]} 21. a4 {[%emt 0:00:14]} a6 {[%emt 0:00:02]} 22. Bd3 {[%emt 0:00:07]} Nh5 {[%emt 0:00:01]} 23. Rc1 {[%emt 0:00:16]} Nf4 {[%emt 0:00:02]} 24. Rd2 {[%emt 0:00:08]} Nxd3 {[%emt 0:00:02]} 25. Rxd3 {[%emt 0:00:02]} Ke7 {[%emt 0:00:09]} 26. b4 {[%emt 0:00:07]} Qd6 {[%emt 0:00:02]} 27. c4 {[%emt 0:00:05]} Rcg8 {[%emt 0:00:07]} 28. cxd5 {[%emt 0:00:06]} Rg1+ {[%emt 0:00:02]} 29. Ke2 {[%emt 0:00:02]} Rxc1 {[%emt 0:00:02]} 30. dxe6 {[%emt 0:00:02]} Qxe6+ {[%emt 0:00:06]} 31. Re3 {[%emt 0:00:02]} Qxe3+ {[%emt 0:00:01]} 32. Kxe3 {[%emt 0:00:02]} Rc4 {[%emt 0:00:03]} 33. b5 {[%emt 0:00:03]} axb5 {[%emt 0:00:02]} 34. axb5 {[%emt 0:00:02]} Rc5 {[%emt 0:00:01]} 35. Kd4 {[%emt 0:00:01]} Rxb5 {[%emt 0:00:01]} 36. Kc4 {[%emt 0:00:02]} Rf5 {[%emt 0:00:04]} 37. Kd4 {[%emt 0:00:04]} Rxf3 {[%emt 0:00:01]} 38. Ke4 {[%emt 0:00:02]} Rxf2 {[%emt 0:00:01]} 39. Ke3 {[%emt 0:00:02]} Rh2 {[%emt 0:00:09]} 40. Kd3 {[%emt 0:00:04]} Rxh3+ {[%emt 0:00:01]} 41. Kc4 {[%emt 0:00:01]} Rg5 {[%emt 0:00:02]} 42. Kd4 {[%emt 0:00:02]} Rh4+ {[%emt 0:00:00]} 43. Ke3 {[%emt 0:00:03]} Rg3+ {[%emt 0:00:00]} 44. Kf2 {[%emt 0:00:01]} Ra3 {[%emt 0:00:04]} 45. Kg2 {[%emt 0:00:04]} Rb4 {[%emt 0:00:03] Huseyinazizcak12 terk eder (Lag: Av=0.41s, max=1.3s)} 0-1

[Event "Is Bankasi Online Satranc Turn 17-18 YAS"]
[Site "T#646243Mustafa Kemal"]
[Date "2020.05.22"]
[Round "8"]
[White "Ibrahimisik76"]
[Black "emreerdal60"]
[Result "0-1"]
[WhiteElo "1552"]
[BlackElo "1672"]
[Annotator "NA RC"]
[PlyCount "92"]
[EventDate "2020.05.22"]
[EventType "swiss (blitz)"]

1. e4 {[%emt 0:00:02]} c6 {[%emt 0:00:01]} 2. Nf3 {[%emt 0:00:03]} d5 {[%emt 0:00:00]} 3. exd5 {[%emt 0:00:00]} cxd5 {[%emt 0:00:01]} 4. d4 {[%emt 0:00:01]} Nf6 {[%emt 0:00:00]} 5. Nc3 {[%emt 0:00:01]} Nc6 {[%emt 0:00:01]} 6. Be3 {[%emt 0:00:01]} Bg4 {[%emt 0:00:01]} 7. Be2 {[%emt 0:00:01]} e6 {[%emt 0:00:01]} 8. Qd2 {[%emt 0:00:01]} a6 {[%emt 0:00:01]} 9. O-O-O {[%emt 0:00:08]} Bb4 {[%emt 0:00:01]} 10. h3 {[%emt 0:00:02]} Bh5 {[%emt 0:00:03]} 11. g4 {[%emt 0:00:07]} Bg6 {[%emt 0:00:01]} 12. a3 {[%emt 0:00:03]} Ne4 {[%emt 0:00:09]} 13. Qe1 {[%emt 0:00:02]} Nxc3 {[%emt 0:00:02]} 14. bxc3 {[%emt 0:00:00]} Bxa3+ {[%emt 0:00:01]} 15. Kd2 {[%emt 0:00:03]} b5 {[%emt 0:00:15]} 16. h4 {[%emt 0:00:08]} h6 {[%emt 0:00:03]} 17. h5 {[%emt 0:00:13]} Bh7 {[%emt 0:00:01]} 18. g5 {[%emt 0:00:01]} b4 {[%emt 0:00:04]} 19. Qg1 {[%emt 0:00:15]} bxc3+ {[%emt 0:00:05]} 20. Ke1 {[%emt 0:00:01]} hxg5 {[%emt 0:00:07]} 21. Bxg5 {[%emt 0:00:05]} Qb6 {[%emt 0:00:08]} 22. Bf4 {[%emt 0:00:06]} Bxc2 {[%emt 0:00:09]} 23. Qxg7 {[%emt 0:00:07]} O-O-O {[%emt 0:00:02]} 24. Qxf7 {[%emt 0:00:09]} Bxd1 {[%emt 0:00:04]} 25. Qxe6+ {[%emt 0:00:03]} Kb7 {[%emt 0:00:06]} 26. Bxd1 {[%emt 0:00:13]} Nxd4 {[%emt 0:00:09]} 27. Qxb6+ {[%emt 0:00:11]} Kxb6 {[%emt 0:00:04]} 28. Nxd4 {[%emt 0:00:01]} Rde8+ {[%emt 0:00:10]} 29. Be3 {[%emt 0:00:03]} Bc5 {[%emt 0:00:04]} 30. Nc2 {[%emt 0:00:11]} d4 {[%emt 0:00:03]} 31. Nxd4 {[%emt 0:00:20]} Bxd4 {[%emt 0:00:01]} 32. Ba4 {[%emt 0:00:03]} Re4 {[%emt 0:00:06]} 33. Ke2 {[%emt 0:00:06]} Bxe3 {[%emt 0:00:02]} 34. fxe3 {[%emt 0:00:01]} Rxa4 {[%emt 0:00:01]} 35. Rc1 {[%emt 0:00:03]} Ra2+ {[%emt 0:00:02]} 36. Kd3 {[%emt 0:00:01]} Rc8 {[%emt 0:00:00]} 37. Rxc3 {[%emt 0:00:03]} Rxc3+ {[%emt 0:00:02]} 38. Kxc3 {[%emt 0:00:00]} Rh2 {[%emt 0:00:00]} 39. Kd4 {[%emt 0:00:02]} Rxh5 {[%emt 0:00:01]} 40. e4 {[%emt 0:00:00]} a5 {[%emt 0:00:01]} 41. e5 {[%emt 0:00:00]} a4 {[%emt 0:00:02]} 42. Kd5 {[%emt 0:00:00]} a3 {[%emt 0:00:01]} 43. Kd6 {[%emt 0:00:01]} Rxe5 {[%emt 0:00:03]} 44. Kxe5 {[%emt 0:00:02]} a2 {[%emt 0:00:00]} 45. Kf6 {[%emt 0:00:01]} a1=Q+ {[%emt 0:00:01]} 46. Kf5 {[%emt 0:00:00]} Qe1 {[%emt 0:00:01]} 0-1

[Event "Is Bankasi Online Satranc Turn 17-18 YAS"]
[Site "T#646243Mustafa Kemal"]
[Date "2020.05.22"]
[Round "8"]
[White "batuhantasagil42"]
[Black "merttosun42"]
[Result "0-1"]
[WhiteElo "1521"]
[BlackElo "1593"]
[Annotator "NA RC"]
[PlyCount "34"]
[EventDate "2020.05.22"]
[EventType "swiss (blitz)"]

1. e4 {[%emt 0:00:09]} e5 {[%emt 0:00:02]} 2. Nf3 {[%emt 0:00:04]} Nc6 {[%emt 0:00:02]} 3. Bc4 {[%emt 0:00:05]} Nf6 {[%emt 0:00:02]} 4. Ng5 {[%emt 0:00:03]} Bc5 {[%emt 0:00:04]} 5. Bxf7+ {[%emt 0:00:11]} Kf8 {[%emt 0:00:02]} 6. Bc4 {[%emt 0:00:02]} h6 {[%emt 0:00:13]} 7. Nf7 {[%emt 0:00:02]} Bxf2+ {[%emt 0:00:05]} 8. Kf1 {[%emt 0:00:12]} Qe7 {[%emt 0:00:03]} 9. Nxh8 {[%emt 0:00:03]} Qc5 {[%emt 0:00:13]} 10. Qf3 {[%emt 0:00:12]} Qxc4+ {[%emt 0:00:15]} 11. d3 {[%emt 0:00:17]} Qxc2 {[%emt 0:00:07]} 12. Nd2 {[%emt 0:00:12]} Bb6 {[%emt 0:00:15]} 13. Nc4 {[%emt 0:00:20]} Nd4 {[%emt 0:00:05]} 14. Qf2 {[%emt 0:00:07]} Qxd3+ {[%emt 0:00:08]} 15. Kg1 {[%emt 0:00:25]} Ne2+ {[%emt 0:00:16] batuhantasagil42 terk eder (Lag: Av=0.63s, max=1.2s)} 16. Kf1 Ng3+ 17. Kg1 Qf1# 0-1

[Event "Is Bankasi Online Satranc Turn 17-18 YAS"]
[Site "T#646243Mustafa Kemal"]
[Date "2020.05.22"]
[Round "8"]
[White "Ahmetay38"]
[Black "Burakcanaksoz58"]
[Result "0-1"]
[WhiteElo "1355"]
[BlackElo "1574"]
[Annotator "NA RC"]
[PlyCount "80"]
[EventDate "2020.05.22"]
[EventType "swiss (blitz)"]

1. e4 {[%emt 0:00:06]} c5 {[%emt 0:00:01]} 2. Nf3 {[%emt 0:00:03]} Nc6 {[%emt 0:00:02]} 3. d4 {[%emt 0:00:01]} cxd4 {[%emt 0:00:01]} 4. Nxd4 {[%emt 0:00:02]} Qb6 {[%emt 0:00:01]} 5. Bc4 {[%emt 0:00:05]} Qxd4 {[%emt 0:00:08]} 6. Qxd4 {[%emt 0:00:04]} Nxd4 {[%emt 0:00:01]} 7. Nc3 {[%emt 0:00:05]} Nxc2+ {[%emt 0:00:02]} 8. Kd2 {[%emt 0:00:12]} Nxa1 {[%emt 0:00:00]} 9. a3 {[%emt 0:00:03]} Nc2 {[%emt 0:00:00]} 10. Kxc2 {[%emt 0:00:02]} e6 {[%emt 0:00:06]} 11. Bf4 {[%emt 0:00:13]} a6 {[%emt 0:00:04]} 12. Rd1 {[%emt 0:00:10]} Nf6 {[%emt 0:00:06]} 13. Be5 {[%emt 0:00:10]} Be7 {[%emt 0:00:02]} 14. f3 {[%emt 0:00:02]} O-O {[%emt 0:00:02]} 15. g4 {[%emt 0:00:02]} b5 {[%emt 0:00:04]} 16. Bb3 {[%emt 0:00:02]} Bb7 {[%emt 0:00:02]} 17. h4 {[%emt 0:00:04]} Rad8 {[%emt 0:00:14]} 18. g5 {[%emt 0:00:04]} Nh5 {[%emt 0:00:01]} 19. f4 {[%emt 0:00:03]} f6 {[%emt 0:00:03]} 20. gxf6 {[%emt 0:00:06]} Bxf6 {[%emt 0:00:01]} 21. Bd6 {[%emt 0:00:03]} Rf7 {[%emt 0:00:02]} 22. Bc7 {[%emt 0:00:03]} Rc8 {[%emt 0:00:03]} 23. Bd6 {[%emt 0:00:03]} Bxc3 {[%emt 0:00:03]} 24. bxc3 {[%emt 0:00:05]} Nxf4 {[%emt 0:00:01]} 25. Rf1 {[%emt 0:00:04]} Ng6 {[%emt 0:00:01]} 26. Rxf7 {[%emt 0:00:02]} Kxf7 {[%emt 0:00:01]} 27. e5 {[%emt 0:00:02]} Be4+ {[%emt 0:00:03]} 28. Kb2 {[%emt 0:00:05]} Nxh4 {[%emt 0:00:04]} 29. a4 {[%emt 0:00:08]} Nf5 {[%emt 0:00:04]} 30. axb5 {[%emt 0:00:01]} axb5 {[%emt 0:00:01]} 31. Bb4 {[%emt 0:00:07]} h5 {[%emt 0:00:04]} 32. Kc1 {[%emt 0:00:29]} h4 {[%emt 0:00:01]} 33. Kd2 {[%emt 0:00:02]} h3 {[%emt 0:00:01]} 34. Ke1 {[%emt 0:00:01]} h2 {[%emt 0:00:01]} 35. Kf1 {[%emt 0:00:02]} h1=Q+ {[%emt 0:00:01]} 36. Ke2 {[%emt 0:00:02]} Qf3+ {[%emt 0:00:02]} 37. Kd2 {[%emt 0:00:03]} Qd3+ {[%emt 0:00:01]} 38. Kc1 {[%emt 0:00:04]} Rxc3+ {[%emt 0:00:03]} 39. Bxc3 {[%emt 0:00:02]} Qxc3+ {[%emt 0:00:01]} 40. Bc2 {[%emt 0:00:01]} Qxc2# {[%emt 0:00:01] (Lag: Av=0.85s, max=1.3s)} 0-1